000 00275nam a2200121Ia 4500
008 220613s9999||||xx |||||||||||||| ||und||
100 _aKuvalyananda Swami
245 0 _aYogasan (Hindi)
250 _a1st(1965) Reprint(2017)
300 _a162
650 _aYoga
942 _cGB
999 _c11141
_d11141